000 00442nam a22001811 4500
003 OSt
005 20150321121411.0
008 900725s1968 slv spa
040 _cBMC
082 _a863
100 1 _aGoytisolo, Juan
_931749
245 1 0 _aDuelo en el paraíso
_cJuan Goytisolo
250 _a4ª ed
260 _aBarcelona
_bDestino
_c1968
300 _a294 p
_c18 cm
650 2 4 _929289
_aNovela española
942 _2ddc
_cBK
999 _c18613
_d18613